Sophie Join-Lambert et Anne Leclair, Joseph-Benoît Suvée 1743-1807, préf. Denis Coeckelberghs, avant-Propos Dominique Maréchal, Paris, Arthena, [2017], 33 x 25 cm., 440 p., ill. en N&B et en couleurs (notice n° 1635585)
[ vue normale ]
| 000 -LEADER | |
|---|---|
| fixed length control field | 00637cam a2200145 4500500 |
| 005 - DATE AND TIME OF LATEST TRANSACTION | |
| control field | 20260111142129.0 |
| 041 ## - LANGUAGE CODE | |
| Language code of text/sound track or separate title | fre |
| 042 ## - AUTHENTICATION CODE | |
| Authentication code | dc |
| 100 10 - MAIN ENTRY--PERSONAL NAME | |
| Personal name | Moureau, François |
| Relator term | author |
| 245 00 - TITLE STATEMENT | |
| Title | Sophie Join-Lambert et Anne Leclair, Joseph-Benoît Suvée 1743-1807, préf. Denis Coeckelberghs, avant-Propos Dominique Maréchal, Paris, Arthena, [2017], 33 x 25 cm., 440 p., ill. en N&B et en couleurs |
| 260 ## - PUBLICATION, DISTRIBUTION, ETC. | |
| Date of publication, distribution, etc. | 2018.<br/> |
| 500 ## - GENERAL NOTE | |
| General note | 69 |
| 786 0# - DATA SOURCE ENTRY | |
| Note | Dix-huitième siècle | 50 | 1 | 2018-08-22 | p. CVII-CVII | 0070-6760 |
| 856 41 - ELECTRONIC LOCATION AND ACCESS | |
| Uniform Resource Identifier | <a href="https://shs.cairn.info/revue-dix-huitieme-siecle-2018-1-page-CVII?lang=fr&redirect-ssocas=7080">https://shs.cairn.info/revue-dix-huitieme-siecle-2018-1-page-CVII?lang=fr&redirect-ssocas=7080</a> |
Pas d'exemplaire disponible.




Réseaux sociaux